| 000 | 00866nam a2200241 a 4500 | ||
|---|---|---|---|
| 001 | 74257 | ||
| 003 | BD-RjUL | ||
| 005 | 20211209082527.0 | ||
| 008 | 180418s2015 bg ||||| |||| 00| 1 ben d | ||
| 020 |
_a9847000002693 _cTk.140.00 |
||
| 035 | _a(BD-RjUL)74475 | ||
| 040 |
_aBD-RjUL _beng _cBD-RjUL |
||
| 041 | _aben | ||
| 082 |
_223 _a891.443 _bSEA 2015 |
||
| 100 | 1 |
_aসেন, সত্যেন _9221189 |
|
| 245 | 1 | 0 |
_aনাগিনীরা চারিদিকে / _cসত্যেন সেন, |
| 260 |
_aঢাকা : _bজাতীয় সাহিত্য প্রকাশ , _c২০১৫ |
||
| 300 |
_a৮০ পৃ. ; _c২২ সেমি. |
||
| 650 |
_aবাংলা উপন্যাস _9221190 |
||
| 650 |
_aBengali Fiction _9221191 |
||
| 700 |
_aরহমান, বদিউর ;সম্পাদক _9221192 |
||
| 942 |
_2ddc _cBK |
||
| 999 |
_c74257 _d74257 |
||